| 000 | 00542nam a2200193 4500 | ||
|---|---|---|---|
| 003 | OSt | ||
| 005 | 20240424125230.0 | ||
| 008 | 150619b xxu||||| |||| 00| 0 eng d | ||
| 020 | _a0412072211 | ||
| 040 | _c040a | ||
| 082 | _a515.35 STR 1989 | ||
| 100 |
_aStrikwerda, John C. _95453 |
||
| 245 | _aFinite Difference Schemes and Partial Differential Equations | ||
| 260 |
_aNew York; _bChapman & Hall, _c1989 |
||
| 300 |
_axii, 386p; _bill : _c12 cm |
||
| 504 | _aincludes index | ||
| 650 |
_aDifferential equations _9751 |
||
| 942 |
_2ddc _cSLOAN |
||
| 999 |
_c2109 _d2109 |
||